000 01439nam a2200361 a 4500
001 1830
003 BD-DhEWU
005 20140407192659.0
008 970520s1983 onca g bs 000 0 eng d
010 _a 84109388
020 _a0920494307 (pbk.) :
020 _a 9780920494301
035 _a(OCoLC)11053566
040 _aDLC
_cDLC
_dDLC
_dBD-DhEWU
_beng
041 _aeng
050 0 0 _aHC440.8
_b.E37 1983
082 0 0 _a338.917105492
_bEHC 1983
100 1 _aEhrhardt, Roger,
_d1949-
_97051
245 1 0 _aCanadian development assistance to Bangladesh :
_ban independent study /
_cby Roger Ehrhardt.
260 _aOttawa, Canada :
_bNorth-South Institute,
_cc1983.
300 _aix, 153 p. :
_bill. ;
_c23 cm.
500 _aOnline version: Ehrhardt, Roger, 1949- Canadian development assistance to Bangladesh. Ottawa, Canada : North-South Institute, c1983 (OCoLC)655075264
504 _aBibliography: p. 139-144.
526 _aDS
590 _aTahur Ahmed
650 0 _aEconomic assistance, Canadian
_zBangladesh.
_97052
650 0 _aFood relief, Canadian.
_97053
650 0 _aNutrition policy
_zBangladesh.
_97054
650 0 _aEconomic assistance, Canadian
_xManagement.
_97055
651 0 _aBangladesh
_xEconomic conditions.
_97056
856 _3WorldCat details
_uhttp://www.worldcat.org/title/canadian-development-assistance-to-bangladesh-an-independent-study/oclc/11053566&referer=brief_results
942 _2ddc
_cTEXT
999 _c1830
_d1830